000 01525nam a2200421 c 4500
001 24428
003 ES-MaCES
005 20250121040010.0
008 120509s2011 sp d t o000 | spa d
017 _aM-46309-2011
_bDL
020 _a9788469509036
024 7 _a867-11-078-5
_2nipo
035 _aCES20120003104m
040 _aES-MaCES
_bspa
_cES-MaCES
100 1 _aAmorós Puente, Celia
_96242
245 1 4 _aLas mujeres como sujetos emergentes en la era de la globalización
_b: nuevas modalidades de violencia y nuevas formas de ciudadanía
_c[investigadores principales y coords., Celia Amorós Puente, Fernando Quesada Castro]
260 _a[Madrid]
_bInstituto de la Mujer
_c[2011]
300 _a430 p.
_bgráf. bl. y n.
_c24 cm
490 1 _aEstudios
_v117
541 _cGratuito
650 4 _aglobalización económica
_930653
650 4 _acrisis económica
_927102
650 4 _asociedad
_927269
650 4 _adesigualdad social
_930789
650 4 _amujeres
_928657
650 4 _aviolencia
_929388
650 4 _adiscriminación por razones de sexo
_929521
650 4 _aexclusión social
_930629
650 4 _atráfico de mano de obra
_930751
650 4 _ainvestigación sociológica
_927260
653 1 0 _aMujer
700 1 _aQuesada Castro, Fernando
_921552
710 2 _aInstituto de la Mujer (España)
_eed.
_94190
830 0 _aEstudios (Instituto de la Mujer (España))
_v117
_932074
902 _aLIB Libro
942 _2CES
_cBK
_h3.3.
999 _c24428
_d24428